| 000 | 01267 a2200301 4500 | ||
|---|---|---|---|
| 003 | Nust | ||
| 005 | 20220728160654.0 | ||
| 010 | _a 2004274429 | ||
| 020 | _a8181475933 | ||
| 035 | _a(OCoLC)ocm55603020 | ||
| 040 | _cNust | ||
| 082 | 0 | 4 | _a004.6,KUM |
| 100 | 1 |
_aKumar, Anurag. _995663 |
|
| 245 | 1 | 0 |
_aCommunication networking : _ban analytical approach / _cAnurag Kumar, D. Manjunath, Joy Kuri. |
| 260 |
_aAmsterdam ; _aBoston : _bElsevier/Morgan Kaufmann Publishers, _cc2004. |
||
| 300 |
_axxvii, 929 p. : _bill. ; _c25 cm. |
||
| 440 | 4 |
_aThe Morgan Kaufmann series in networking _995656 |
|
| 505 | _aIntroduction: Two Examples (Page-1), Part-I: Multiplexing (Page-91), Part-II: Switching (Page-533), Part-III: Routing (Page-669), Part- IV: Appendices (Page-777). | ||
| 650 | 0 |
_aMultiplexing. _995664 |
|
| 650 | 0 |
_aRouters (Computer networks) _994473 |
|
| 650 | 0 |
_aTelecommunication systems _xManagement. _995665 |
|
| 650 | 0 |
_aTelecommunication _xSwitching systems. _995666 |
|
| 700 | 1 |
_aKuri, Joy. _995667 |
|
| 700 | 1 |
_aManjunath, D. _995668 |
|
| 856 | 4 | 1 |
_3Publisher description _uhttp://www.loc.gov/catdir/description/els051/2004274429.html |
| 856 | 4 | 1 |
_3Table of contents _uhttp://www.loc.gov/catdir/toc/els051/2004274429.html |
| 942 |
_2ddc _cBK _k004.6,KUM |
||
| 999 |
_c182643 _d182643 |
||